00509nam a2200133Ia 4500008004100000041000800041082002700049100002000076245002900096260003100125300000900156999001900165952019100184230411s9999 xx 000 0 und d aeng aCH/610.7343/BAS/B01802 aSwarnkar Keshav aCommunity Health Nursing bN R BrothersaIndorec2004 a803p c153044d153044 001040708CHaBTINbBTINd2004-07-10eB.J.Medical Co-oprative College Storesg275.00i9184l0oCH 610.7343 BAS B01802pBTIN-BK-1802r2023-04-11 00:00:00v206.00w2005-09-05yBKzB01802